Preparatoria del Instituto Tecnológico y de Estudios Superiores de Occidente /

Gorde:
Xehetasun bibliografikoak
Egile nagusia: Gómez Ballesteros, Salvador Ernesto (autor)
Formatua: Tesis Liburua
Hizkuntza:gaztelania
Gaiak:
Etiketak: Etiketa erantsi
Etiketarik gabe, Izan zaitez lehena erregistro honi etiketa jartzen!

MARC

LEADER 00000nam^a2200000^a^4500
001 000112602
005 20250521000000.0
009 20260310093913.088
037 |a Acervo ITESO - Biblioteca 
041 |a ESP 
090 |a ARQ. 531 
100 |a Gómez Ballesteros, Salvador Ernesto  |e (autor) 
245 1 0 |a Preparatoria del Instituto Tecnológico y de Estudios Superiores de Occidente /  |c S.E. Gómez Ballesteros. 
264 |a Guadalajara, México :  |b edición de autor,  |c 2000 
300 |a 98 p. 
336 |a texto  |b txt  |2 rdacontenido 
337 |a sin mediación  |b n  |2 rdamedio 
338 |a volumen  |b nc  |2 rdasoporte 
502 |a ITESO Tesis de Licenciatura en Arquitectura 
610 |a ITESO 
649 |a XX 
650 |a Escuelas 
650 |a Centros Culturales 
650 |a Proyecto Arquitectónico 
650 |a Diseño Arquitectónico 
650 |a Arquitectura 
650 |a Educación Media Superior -  |z Guadalajara, Jalisco 
910 |a Fondo General 
920 |a Impresos - Tesis del ITESO 
930 |a Colección General 
905 |a 104 
901 |a 0500049563  |b IT2  |c TSS  |u 20250521 
902 |a https://opac.biblio.iteso.mx/vufind/Record/000112602